Pat O'Neill : views from Lookout Mountain /

Bibliographic Details
Main Author: Lazar, Julie
Corporate Authors: Santa Monica Museum of Art, Cornerhouse (Gallery : Manchester, England)
Other Authors: O'Neill, Pat, 1939-, Arthur, Paul, 1947-2008
Format: Book
Language:English
Published: Santa Monica, CA : Göttingen : Santa Monica Museum of Art ; Steidl, 2004.
Subjects:

MARC

Tag First Indicator Second Indicator Subfields
LEADER 00000cam a2200000Ia 4500
001 in00002043521
005 20151101054746.0
008 041007s2004 caua c 000 0 eng d
020 |a 386521021X 
035 |a (OCoLC)ocm56638781 
040 |a EUN  |c EUN  |d UAT  |d VPI  |d OCLCQ  |d TXA  |d UtOrBLW 
043 |a n-us--- 
049 |a TXAM 
050 4 |a N6537.O54  |b A4 2004 
100 1 |a Lazar, Julie. 
245 1 0 |a Pat O'Neill :  |b views from Lookout Mountain /  |c Julie Lazar ; contributions by Paul Arthur [and others]. 
246 3 0 |a Views from Lookout Mountain 
264 1 |a Santa Monica, CA :  |b Santa Monica Museum of Art ;  |a Göttingen :  |b Steidl,  |c 2004. 
300 |a 223 pages :  |b illustrations (chiefly color) ;  |c 31 cm. 
336 |a text  |b txt  |2 rdacontent 
337 |a unmediated  |b n  |2 rdamedia 
338 |a volume  |b nc  |2 rdacarrier 
500 |a Published in conjunction with the exhibition: Pat O'Neill : views from lookout mountain, held Sept. 11-Nov. 13, 2004 at Santa Monica Museum of Art, and at Cornerhouse, Manchester, England. 
600 1 0 |a O'Neill, Pat,  |d 1939-  |v Exhibitions. 
650 0 |a Experimental films  |z United States  |v Exhibitions. 
700 1 |a O'Neill, Pat,  |d 1939- 
700 1 |a Arthur, Paul,  |d 1947-2008. 
710 2 |a Santa Monica Museum of Art. 
710 2 |a Cornerhouse (Gallery : Manchester, England) 
948 |a cataloged  |b h  |c 2005/4/1  |d c  |e jgreene  |f 5:17:59 pm 
994 |a E0  |b TXA 
999 |a MARS 
999 f f |s af3d2a9b-9c58-36e2-b87d-d92347a4f957  |i 3979b959-e563-35ba-92e3-695a278a915a  |t 0 
952 f f |p normal  |a Texas A&M University  |b College Station  |c Sterling C. Evans Library  |d Evans: Library Stacks  |t 0  |e N6537.O54 A4 2004  |h Library of Congress classification  |i unmediated -- volume  |m A14832618933 
998 f f |a N6537.O54 A4 2004  |t 0  |l Evans: Library Stacks